Obstarávanie nehnuteľností a zdaňovanie príjmov z predaja

Pojmy nehnuteľnosť, stavba, byt a pod. Nehnuteľnosť nepodnikajúcej fyzickej osoby. Obstaranie nehnuteľnosti a moment nadobudnutia vlastníctva. Mladomanželský úver - štátny príspevok pre mladomanželov. Podpory zo štátneho fondu rozvoja bývania. Príjmy z predaja nehnuteľnosti nepodnikajúcej FO. Zdanen...

Full description

Saved in:
Bibliographic Details
Main Author: Jarinkovičová, Valéria
Format: Book Chapter
Language:Slovak
Subjects:
Tags: Add Tag
No Tags, Be the first to tag this record!

MARC

LEADER 00000naa a2200000 4500
001 0258499
005 20190925104157.2
041 0 |a slo 
044 |a SK 
245 1 0 |a Obstarávanie nehnuteľností a zdaňovanie príjmov z predaja  |c Valéria Jarinkovičová 
520 |a Pojmy nehnuteľnosť, stavba, byt a pod. Nehnuteľnosť nepodnikajúcej fyzickej osoby. Obstaranie nehnuteľnosti a moment nadobudnutia vlastníctva. Mladomanželský úver - štátny príspevok pre mladomanželov. Podpory zo štátneho fondu rozvoja bývania. Príjmy z predaja nehnuteľnosti nepodnikajúcej FO. Zdanenie príjmu z predaja nehnuteľnosti. Nehnuteľnosti používané v súvislosti s podnikaním - účtovné a daňové hľadisko. 
610 2 0 |a nehnuteľnosti 
610 2 0 |a majetok 
610 2 0 |a podpora štátna 
610 2 0 |a osoby fyzické 
610 2 0 |a podnikatelia 
610 2 0 |a podnikanie 
610 2 0 |a dane z príjmov 
610 2 0 |a účtovníctvo 
610 2 0 |a obstarávanie 
610 2 0 |a legislatíva 
100 1 |a Jarinkovičová, Valéria